| 000 | 00996nam a2200277 4500 | ||
|---|---|---|---|
| 001 | 15848 | ||
| 003 | ES-MaACL | ||
| 005 | 20250902041717.0 | ||
| 007 | t| | ||
| 008 | 000508s1979 sp ||||0|bspa j | ||
| 016 | 7 | _z05412100 | |
| 020 | _a84-85281-22-5 | ||
| 040 |
_aIBH _bspa _cM-BN-DP |
||
| 080 | _a92 Monescillo y Viso, Antolín. Cardenal | ||
| 100 | 1 |
_aSanz de Diego, Rafael María. _9103628 |
|
| 245 | 1 | 0 |
_aMedio siglo de Relaciones Iglesia-Estado _b: El Cardenal Antolín Monescillo y Viso (1811-1897). |
| 260 |
_aMadrid : _bUniversidad Pontificia Comillas, _c1979. |
||
| 300 |
_a498 p ; _c24 cm. |
||
| 490 | 1 |
_aPublicaciones de la Universidad Pontificia Comillas. Serie I. Estudios ; _v15 |
|
| 500 | _aIndice. | ||
| 600 | 1 | 4 |
_aMonescillo, Antolín. _9130053 |
| 710 | 2 |
_aUniversidad Pontificia Comillas _9173007 |
|
| 830 | 0 | 0 |
_aPublicaciones de la Universidad Pontificia Comillas _v15 _9176621 |
| 852 |
_aES-MaACL _jL-23102 _bR.111642 |
||
| 999 |
_c15848 _d15848 |
||